LIBRARY & INFORMATION CENTRE, KCAET, TAVANUR

ONLINE PUBLIC ACCESS CATALOGUE (OPAC)

Source Book for Farm Energy Alternatives / (Record no. 8956)

MARC details
000 -LEADER
fixed length control field 00345cam a2200133ua 4500
020 ## - INTERNATIONAL STANDARD BOOK NUMBER
ISBN 0-07-052951-5
082 ## - DEWEY DECIMAL CLASSIFICATION NUMBER
Classification number 333.79
Item number RIT/SO
100 ## - MAIN ENTRY--AUTHOR NAME
Personal name Ritchie, James D .
245 ## - TITLE STATEMENT
Title Source Book for Farm Energy Alternatives /
250 ## - EDITION STATEMENT
Edition statement 1 /
260 ## - PUBLICATION, DISTRIBUTION, ETC. (IMPRINT)
Place of publication New York :
Name of publisher McGraw Hill Book Company ,
Year of publication 1983.
300 ## - PHYSICAL DESCRIPTION
Number of Pages 232 ; .
942 ## - ADDED ENTRY ELEMENTS (KOHA)
Koha item type Reference
Holdings
Withdrawn status Lost status Damaged status Collection code Home library Current library Shelving location Date acquired Full call number Accession Number Koha item type
      Reference KAUAET KAUAET Reference 27/03/1987 333.79.RIT/SO 16260 Reference
free website counter